00930nam a2200217 450000100060000000300080000600500170001400800390003103500190007004000320008904100080012108200270012924501160015626000450027230000440031735000250036150400390038650502300042565100230065570000340067827107BD-RjUL20211209051119.0140324s1967 pk b b 001 0 eng a(BD-RjUL)27178 aDLCcDLCdDLCdBD-RjULbeng aeng00a915.4903bSHO V-3 196702aA Short history of Pakistan /cGeneral editor: I. H. Qureshi.nBook ThreepThe Mughul empire, by Sh. A. Rashid. aKarachi :bUniversity of Karachi,c1967. a4 v. :bill., maps (part fold.)c23 cm. a11.00 (v. 1) varies. aIncludes bibliographies and index.0 abook 1. Pre-Muslim period, by A. H. Dani.--book 2. Muslim rule under the sultans, by M. Kabir.--book 3. The Mughul empire, by Sh. A. Rashid.--book 4. Alien rule and the rise of Muslim nationalism, by M. A. Rahim [and others]. 0aPakistanxHistory.1 aQureshi, Ishtiaq Husain,eed.